Представление документа в формате RUSMARC

ПолеНазваниеЗначение
  Тип записи a
  Библиографический уровень a
001 Контрольный номер RU/CBS_Ul/BASE/512060483
005 Дата корректировки 20240209175158.3
100 Данные общей обработки __
a Данные общей обработки 20160323d2016 ||| 0rusy0189 ca
101 Язык документа 0_
a Язык текста rus
102 Страна публикации __
a Страна публикации RU
105 Кодированные данные (монография) __
a Кодированные данные (монография) y###||||000|y
200 Заглавие и сведения об ответственности 1_
a Заглавие "Быть вместе и уцелеть"
b Общее обозначение материала Текст
e Сведения, относящиеся к заглавию [о Н. Берберовой]
f Первые сведения об ответственности Ю. Осипов
300 Общие примечания __
a Общие примечания Ограничения по возрасту - 16+
461 Уровень набора _0
1 2000
a Смена
463 Уровень физической единицы _0
1 001RU/CBS_Ul/BASE/511903194
1 2000
a № 3
v С. 50-64: фото.
1 210
d 2016
600 Персоналии _0
a Персоналии (Фамилия) Берберова
b Персоналии (Имя, инициалы) Н.Н.
606 Тематические рубрики 0_
a Основная рубрика Берберова, Нина Николаевна (1901-1993)
610 Ключевые слова 0_
a Ключевые слова писатели
a Ключевые слова биографии
a Ключевые слова русская литература
a Ключевые слова мемуары
a Ключевые слова литературоведение
686 Индексы других классификаций __
a Классификационный индекс 83.3(2Рос=Рус)6
2 Код системы ББК
700 Автор _1
a Фамилия Осипов
b Имя (инициалы) Ю.
801 Источник записи _0
a Страна RU
b Организация МБУК ЦБС г. Ульяновска
c Дата составления 20160323
g Правила каталогизации RCR
801 Источник записи _1
a Страна RU
b Организация МБУК ЦБС г. Ульяновска
c Дата составления 20160323
g Правила каталогизации RCR
901 Тип документа __
t Тип документа b
w Контрольный № источника RU/CBS_Ul/BASE/511903194
910 Корректоры записи __
a Корректор записи Библиотека 8
938 Служебная информация __
a Имя БД period